[Event "18èmeFestival International d’Echecsde Rochefort"]
[Site "Rochefort, France"]
[Date "2019.02.21"]
[Round "8.5"]
[White "MARTINEZ DUANY, Lelys Stanley"]
[Black "NI, Shiqun"]
[Result "0-1"]
[TimeControl "1h30 min/40coups + 30 min +  30sec/coup"]
[WhiteTitle "GM"]
[BlackTitle "WGM"]
[WhiteFideId "3504727"]
[WhiteElo "2547"]
[BlackElo "2427"]

1. c4 {[%clk 01:28:56]} {[%emt 00:01:55]} Nf6 {[%clk 01:27:06]} {[%emt
00:03:54]} 2. Nc3 {[%clk 01:28:29]} {[%emt 00:00:57]} e5 {[%clk 01:27:30]}
{[%emt 00:00:07]} 3. g3 {[%clk 01:28:29]} {[%emt 00:00:30]} Bb4 {[%clk
01:27:57]} {[%emt 00:00:04]} 4. Bg2 {[%clk 01:28:52]} {[%emt 00:00:07]} O-O
{[%clk 01:27:55]} {[%emt 00:00:31]} 5. e4 {[%clk 01:29:14]} {[%emt 00:00:07]}
Bxc3 {[%clk 01:27:38]} {[%emt 00:00:47]} 6. dxc3 {[%clk 01:27:31]} {[%emt
00:02:13]} d6 {[%clk 01:26:25]} {[%emt 00:01:44]} 7. Qe2 {[%clk 01:26:31]}
{[%emt 00:01:29]} Be6 {[%clk 01:25:24]} {[%emt 00:01:32]} 8. Nf3 {[%clk
01:26:21]} {[%emt 00:00:39]} Nc6 {[%clk 01:25:22]} {[%emt 00:00:33]} 9. Nd2
{[%clk 01:24:10]} {[%emt 00:02:41]} Nd7 {[%clk 01:14:15]} {[%emt 00:11:37]} 10.
O-O {[%clk 01:18:15]} {[%emt 00:06:24]} Qg5 {[%clk 01:11:55]} {[%emt 00:02:50]}
11. f4 {[%clk 01:09:14]} {[%emt 00:09:32]} exf4 {[%clk 01:11:57]} {[%emt
00:00:29]} 12. gxf4 {[%clk 01:09:37]} {[%emt 00:00:07]} Qg4 {[%clk 01:12:23]}
{[%emt 00:00:04]} 13. Qxg4 {[%clk 00:54:50]} {[%emt 00:15:17]} Bxg4 {[%clk
01:12:50]} {[%emt 00:00:02]} 14. h3 {[%clk 00:55:09]} {[%emt 00:00:11]} Bh5
{[%clk 01:13:05]} {[%emt 00:00:16]} 15. Re1 {[%clk 00:54:15]} {[%emt 00:01:24]}
Rae8 {[%clk 01:08:26]} {[%emt 00:05:08]} 16. Nf1 {[%clk 00:52:53]} {[%emt
00:01:52]} f5 {[%clk 00:59:14]} {[%emt 00:09:43]} 17. Ng3 {[%clk 00:53:15]}
{[%emt 00:00:07]} Bg6 {[%clk 00:59:41]} {[%emt 00:00:04]} 18. Bd2 {[%clk
00:53:30]} {[%emt 00:00:14]} fxe4 {[%clk 00:59:38]} {[%emt 00:00:33]} 19. Nxe4
{[%clk 00:53:51]} {[%emt 00:00:09]} h6 {[%clk 00:55:45]} {[%emt 00:04:23]} 20.
b3 {[%clk 00:52:31]} {[%emt 00:01:50]} a5 {[%clk 00:50:44]} {[%emt 00:05:31]}
21. Re3 {[%clk 00:40:14]} {[%emt 00:12:46]} a4 {[%clk 00:43:15]} {[%emt
00:08:00]} 22. Ng3 {[%clk 00:29:01]} {[%emt 00:11:42]} Nc5 {[%clk 00:31:53]}
{[%emt 00:11:53]} 23. b4 {[%clk 00:26:49]} {[%emt 00:02:41]} Rxe3 {[%clk
00:28:12]} {[%emt 00:04:12]} 24. Bxe3 {[%clk 00:27:13]} {[%emt 00:00:05]} Nd3
{[%clk 00:26:57]} {[%emt 00:01:45]} 25. f5 {[%clk 00:21:14]} {[%emt 00:06:30]}
Bf7 {[%clk 00:27:25]} {[%emt 00:00:03]} 26. f6 {[%clk 00:18:33]} {[%emt
00:03:10]} Bxc4 {[%clk 00:27:09]} {[%emt 00:00:46]} 27. fxg7 {[%clk 00:18:50]}
{[%emt 00:00:13]} Kxg7 {[%clk 00:27:33]} {[%emt 00:00:06]} 28. a3 {[%clk
00:18:36]} {[%emt 00:00:45]} d5 {[%clk 00:20:19]} {[%emt 00:07:45]} 29. Kh2
{[%clk 00:17:02]} {[%emt 00:02:03]} Kh7 {[%clk 00:18:29]} {[%emt 00:02:21]} 30.
Rg1 {[%clk 00:14:32]} {[%emt 00:03:00]} Nf4 {[%clk 00:18:37]} {[%emt 00:00:22]}
31. Bh1 {[%clk 00:13:33]} {[%emt 00:01:28]} b6 {[%clk 00:15:54]} {[%emt
00:03:15]} 32. Ne4 {[%clk 00:10:20]} {[%emt 00:03:43]} Bd3 {[%clk 00:11:31]}
{[%emt 00:04:53]} 33. Nf2 {[%clk 00:09:41]} {[%emt 00:01:08]} Bg6 {[%clk
00:09:20]} {[%emt 00:02:42]} 34. Rg4 {[%clk 00:09:55]} {[%emt 00:00:14]} Ne2
{[%clk 00:08:07]} {[%emt 00:01:44]} 35. Bxd5 {[%clk 00:08:34]} {[%emt
00:01:51]} Ne5 {[%clk 00:08:35]} {[%emt 00:00:02]} 36. Rh4 {[%clk 00:08:46]}
{[%emt 00:00:17]} h5 {[%clk 00:04:02]} {[%emt 00:05:04]} 37. Be4 {[%clk
00:07:04]} {[%emt 00:02:12]} Nf3+ {[%clk 00:04:14]} {[%emt 00:00:18]} 38. Bxf3
{[%clk 00:06:30]} {[%emt 00:01:04]} Rxf3 {[%clk 00:04:43]} 39. Nd1 {[%clk
00:05:46]} {[%emt 00:01:14]} Bc2 {[%clk 00:00:49]} {[%emt 00:04:25]} 40. Kg2
{[%clk 00:06:07]} {[%emt 00:00:08]} Rg3+ {[%clk 00:00:34]} {[%emt 00:00:46]} 41.
Kf2 {[%clk 00:05:16]} {[%emt 00:01:19]} Bxd1 {[%clk 00:25:14]} {[%emt
00:05:50]} 42. Rxh5+ {[%clk 00:34:32]} {[%emt 00:01:14]} Kg6 {[%clk 00:25:32]}
{[%emt 00:00:12]} 43. Rh8 {[%clk 00:34:10]} {[%emt 00:00:51]} Kf5 {[%clk
00:25:45]} {[%emt 00:00:17]} 44. Rf8+ {[%clk 00:32:59]} {[%emt 00:01:41]} Ke4
{[%clk 00:23:05]} {[%emt 00:03:11]} 45. Re8+ {[%clk 00:33:07]} {[%emt
00:00:22]} Kf5 {[%clk 00:23:31]} {[%emt 00:00:04]} 46. Rf8+ {[%clk 00:26:56]}
{[%emt 00:06:40]} Ke6 {[%clk 00:23:50]} {[%emt 00:00:12]} 47. Rd8 {[%clk
00:27:12]} {[%emt 00:00:14]} Rxh3 {[%clk 00:24:13]} {[%emt 00:00:08]} 48. Rxd1
{[%clk 00:27:22]} {[%emt 00:00:19]} Nxc3 {[%clk 00:24:39]} {[%emt 00:00:04]} 49.
Rd3 {[%clk 00:24:48]} {[%emt 00:03:04]} Nd5 {[%clk 00:24:20]} {[%emt 00:00:50]}
50. Ke2 {[%clk 00:23:51]} {[%emt 00:01:27]} Rxe3+ {[%clk 00:21:35]} {[%emt
00:03:15]} 51. Rxe3+ {[%clk 00:24:16]} {[%emt 00:00:05]} Nxe3 {[%clk 00:22:03]}
{[%emt 00:00:02]} 52. Kxe3 {[%clk 00:24:39]} {[%emt 00:00:06]} Kd5 {[%clk
00:22:09]} {[%emt 00:00:24]} 53. Kd3 {[%clk 00:25:00]} {[%emt 00:00:09]} b5
{[%clk 00:22:03]} {[%emt 00:00:36]} 54. Kc3 {[%clk 00:24:38]} {[%emt 00:00:52]}
Ke4 {[%clk 00:22:31]} {[%emt 00:00:03]} 55. Kc2 {[%clk 00:24:35]} {[%emt
00:00:33]} Kd4 {[%clk 00:22:56]} {[%emt 00:00:05]} 56. Kd2 {[%clk 00:24:59]}
{[%emt 00:00:06]} Kc4 {[%clk 00:23:21]} {[%emt 00:00:05]} 57. Kc2 {[%clk
00:25:24]} {[%emt 00:00:05]} c6 {[%clk 00:23:49]} {[%emt 00:00:02]} 58. Kd2
{[%clk 00:23:52]} {[%emt 00:02:02]} Kb3 {[%clk 00:24:16]} {[%emt 00:00:03]} 59.
Kd3 {[%clk 00:24:15]} {[%emt 00:00:07]} Kxa3 {[%clk 00:24:37]} {[%emt
00:00:09]} 60. Kc3 {[%clk 00:24:40]} {[%emt 00:00:03]} Ka2 {[%clk 00:25:00]}
{[%emt 00:00:08]} 61. Kc2 {[%clk 00:25:02]} {[%emt 00:00:08]} a3 {[%clk
00:25:20]} {[%emt 00:00:11]} 0-1

[Event "18èmeFestival International d’Echecsde Rochefort"]
[Site "Rochefort, France"]
[Date "2019.02.21"]
[Round "8.2"]
[White "MU, Ke"]
[Black "SOSA, Tomas"]
[Result "0-1"]
[TimeControl "1h30 min/40coups + 30 min +  30sec/coup"]
[BlackTitle "IM"]
[WhiteFideId "8602778"]
[BlackFideId "121576"]
[WhiteElo "2404"]
[BlackElo "2502"]

1. d4 {[%clk 01:30:21]} {[%emt 00:00:38]} d5 {[%clk 01:28:25]} {[%emt
00:02:27]} 2. c4 {[%clk 01:30:33]} {[%emt 00:00:26]} e6 {[%clk 01:28:29]}
{[%emt 00:00:26]} 3. Nc3 {[%clk 01:30:50]} {[%emt 00:00:13]} Nf6 {[%clk
01:28:49]} {[%emt 00:00:10]} 4. Nf3 {[%clk 01:31:12]} {[%emt 00:00:07]} dxc4
{[%clk 01:29:15]} {[%emt 00:00:05]} 5. e3 {[%clk 01:30:25]} {[%emt 00:01:17]}
a6 {[%clk 01:29:38]} {[%emt 00:00:08]} 6. a4 {[%clk 01:30:39]} {[%emt
00:00:15]} Bb4 {[%clk 01:29:34]} {[%emt 00:00:33]} 7. Bxc4 {[%clk 01:31:03]}
{[%emt 00:00:06]} O-O {[%clk 01:29:59]} {[%emt 00:00:05]} 8. O-O {[%clk
01:30:58]} {[%emt 00:00:34]} b6 {[%clk 01:28:57]} {[%emt 00:01:33]} 9. Ne5
{[%clk 01:21:56]} {[%emt 00:09:32]} Bb7 {[%clk 01:28:35]} {[%emt 00:00:52]} 10.
Be2 {[%clk 01:21:41]} {[%emt 00:00:45]} Nbd7 {[%clk 01:25:33]} {[%emt
00:03:33]} 11. Nd3 {[%clk 01:15:49]} {[%emt 00:06:21]} Bd6 {[%clk 01:23:56]}
{[%emt 00:02:07]} 12. Bf3 {[%clk 01:15:00]} {[%emt 00:01:19]} Bxf3 {[%clk
01:03:11]} {[%emt 00:21:15]} 13. Qxf3 {[%clk 01:15:24]} {[%emt 00:00:06]} c5
{[%clk 01:03:34]} {[%emt 00:00:07]} 14. dxc5 {[%clk 01:15:09]} {[%emt
00:00:45]} Nxc5 {[%clk 01:03:48]} {[%emt 00:00:15]} 15. Nxc5 {[%clk 01:15:33]}
{[%emt 00:00:06]} bxc5 {[%clk 00:55:14]} {[%emt 00:09:04]} 16. a5 {[%clk
01:14:36]} {[%emt 00:01:27]} Qc7 {[%clk 00:52:35]} {[%emt 00:03:10]} 17. g3
{[%clk 01:14:59]} {[%emt 00:00:07]} Rab8 {[%clk 00:52:43]} {[%emt 00:00:22]} 18.
Ra2 {[%clk 01:14:23]} {[%emt 00:01:05]} Be5 {[%clk 00:52:00]} {[%emt 00:01:13]}
19. Bd2 {[%clk 01:11:07]} {[%emt 00:03:46]} Nd5 {[%clk 00:42:25]} {[%emt
00:10:05]} 20. Nxd5 {[%clk 01:00:43]} {[%emt 00:10:55]} exd5 {[%clk 00:42:48]}
{[%emt 00:00:07]} 21. Rc1 {[%clk 01:01:10]} {[%emt 00:00:03]} Qd6 {[%clk
00:39:59]} {[%emt 00:03:19]} 22. Bc3 {[%clk 00:57:45]} {[%emt 00:03:55]} d4
{[%clk 00:38:40]} {[%emt 00:01:50]} 23. exd4 {[%clk 00:57:45]} {[%emt
00:00:30]} cxd4 {[%clk 00:39:03]} {[%emt 00:00:07]} 24. Bd2 {[%clk 00:55:05]}
{[%emt 00:03:10]} Qe6 {[%clk 00:38:56]} {[%emt 00:00:37]} 25. Ra3 {[%clk
00:50:30]} {[%emt 00:05:06]} Rxb2 {[%clk 00:38:58]} {[%emt 00:00:27]} 26. Rc6
{[%clk 00:45:11]} {[%emt 00:05:50]} Qd7 {[%clk 00:28:08]} {[%emt 00:11:20]} 27.
Rd3 {[%clk 00:45:28]} {[%emt 00:00:13]} Qb7 {[%clk 00:27:52]} {[%emt 00:00:46]}
28. Kg2 {[%clk 00:40:23]} {[%emt 00:05:34]} Rc8 {[%clk 00:26:35]} {[%emt
00:01:47]} 29. Rc1 {[%clk 00:36:51]} {[%emt 00:04:03]} Rxc1 {[%clk 00:13:52]}
{[%emt 00:13:14]} 30. Bxc1 {[%clk 00:37:15]} {[%emt 00:00:05]} Rb1 {[%clk
00:12:19]} {[%emt 00:02:03]} 31. Qxb7 {[%clk 00:34:36]} {[%emt 00:03:10]} Rxb7
{[%clk 00:12:47]} {[%emt 00:00:01]} 32. Kf3 {[%clk 00:34:29]} {[%emt 00:00:36]}
h5 {[%clk 00:12:46]} {[%emt 00:00:31]} 33. h4 {[%clk 00:32:50]} {[%emt
00:02:08]} Rb5 {[%clk 00:12:51]} {[%emt 00:00:26]} 34. Bd2 {[%clk 00:31:03]}
{[%emt 00:02:18]} g6 {[%clk 00:13:15]} {[%emt 00:00:05]} 35. Ra3 {[%clk
00:31:20]} {[%emt 00:00:13]} Kf8 {[%clk 00:09:16]} {[%emt 00:04:29]} 36. Ra4
{[%clk 00:20:16]} {[%emt 00:11:34]} Ke7 {[%clk 00:09:40]} {[%emt 00:00:05]} 37.
Rc4 {[%clk 00:20:10]} {[%emt 00:00:36]} Kd6 {[%clk 00:09:05]} {[%emt 00:01:06]}
38. Rc8 {[%clk 00:14:39]} {[%emt 00:06:01]} Rb3+ {[%clk 00:09:29]} {[%emt
00:00:06]} 39. Ke2 {[%clk 00:14:48]} {[%emt 00:00:21]} Kd5 {[%clk 00:09:39]}
{[%emt 00:00:19]} 40. Re8 {[%clk 00:12:47]} {[%emt 00:02:32]} f6 {[%clk
00:05:02]} {[%emt 00:05:07]} 41. f4 {[%clk 00:02:07]} {[%emt 00:11:10]} Bd6
{[%clk 00:03:16]} {[%emt 00:02:15]} 42. Rd8 {[%clk 00:02:32]} {[%emt 00:00:06]}
Ke6 {[%clk 00:01:19]} {[%emt 00:02:26]} 43. Ra8 {[%clk 00:28:40]} {[%emt
00:04:24]} Rxg3 {[%clk 00:23:48]} {[%emt 00:08:00]} 44. Rxa6 {[%clk 00:29:04]}
{[%emt 00:00:06]} Rg2+ {[%clk 00:24:06]} {[%emt 00:00:12]} 45. Kd3 {[%clk
00:28:14]} {[%emt 00:01:19]} Kd5 {[%clk 00:24:30]} {[%emt 00:00:06]} 46. Rb6
{[%clk 00:28:05]} {[%emt 00:00:40]} Rg3+ {[%clk 00:24:45]} {[%emt 00:00:14]} 47.
Kc2 {[%clk 00:28:31]} {[%emt 00:00:04]} Bc5 {[%clk 00:20:02]} {[%emt 00:05:12]}
48. Rxf6 {[%clk 00:22:05]} {[%emt 00:06:57]} Kc4 {[%clk 00:19:18]} {[%emt
00:01:14]} 49. Re6 {[%clk 00:20:48]} {[%emt 00:01:46]} Rb3 {[%clk 00:10:08]}
{[%emt 00:09:41]} 50. a6 {[%clk 00:12:20]} {[%emt 00:08:58]} d3+ {[%clk
00:09:23]} {[%emt 00:01:14]} 51. Kd1 {[%clk 00:12:49]} {[%emt 00:00:01]} Rb1+
{[%clk 00:09:13]} {[%emt 00:00:40]} 52. Bc1 {[%clk 00:13:18]} {[%emt 00:00:01]}
Ra1 {[%clk 00:08:34]} {[%emt 00:01:09]} 53. Rxg6 {[%clk 00:09:19]} {[%emt
00:04:30]} Be3 {[%clk 00:07:40]} {[%emt 00:01:23]} 54. Rc6+ {[%clk 00:09:20]}
{[%emt 00:00:30]} Kb5 {[%clk 00:07:17]} {[%emt 00:00:53]} 0-1

[Event "Rochefort Master 2019"]
[Site "Palais des Congrès"]
[Date "2019.02.16"]
[Round "1.6"]
[White "Safranska, Anda"]
[Black "Yu, Ruiyuan"]
[Result "1/2-1/2"]
[WhiteElo "2116"]
[BlackElo "2491"]
[PlyCount "138"]
[EventDate "2019.??.??"]
[WhiteTeam "Echecs Club Montpellier"]

1. Nf3 d5 2. g3 Bg4 3. Bg2 Nd7 4. O-O e5 5. d3 Ngf6 6. Qe1 Bc5 7. e4 dxe4 8.
dxe4 Qe7 9. h3 Bh5 10. Nh4 Bg6 11. Nxg6 hxg6 12. Be3 O-O-O 13. Qe2 Nh7 14. Nd2
Ng5 15. h4 Ne6 16. Rfe1 Nb6 17. c3 g5 18. hxg5 Bxe3 19. Qxe3 Qxg5 20. Qxg5 Nxg5
21. Nf1 Na4 22. Re2 Rd3 23. Rc1 c6 24. Ne3 Rhd8 25. Rcc2 Kc7 26. f3 b5 27. Kf2
a5 28. Bf1 R8d6 29. Bg2 g6 30. Ng4 f6 31. Re3 Rd1 32. Re1 R1d2+ 33. Re2 R2d3
34. Re3 Nc5 35. Rxd3 Nxd3+ 36. Ke2 Ne6 37. Ne3 a4 38. b4 axb3 39. axb3 b4 40.
Bh3 Nef4+ 41. gxf4 Nxf4+ 42. Ke1 Rd3 43. Ng4 Nxh3 44. cxb4 Rxb3 45. Nxf6 Ng5
46. f4 Rb1+ 47. Ke2 Ne6 48. Kf2 exf4 49. e5 Rh1 50. Kg2 Re1 51. Nd5+ Kb7 52.
Ne7 Rxe5 53. Nxc6 Re3 54. Na5+ Ka6 55. Nc4 Rg3+ 56. Kf2 Ng5 57. Kf1 f3 58. Ne5
Kb5 59. Rc5+ Kxb4 60. Rc6 Rh3 61. Rxg6 Ne4 62. Rg4 Rh1+ 63. Rg1 Rh2 64. Rg4
Rh1+ 65. Rg1 Nd2+ 66. Kf2 Rh2+ 67. Kg3 Re2 68. Nxf3 Re3 69. Kf2 Rxf3+ 1/2-1/2

[Event "Rochefort Master 2019"]
[Site "Palais des Congrès"]
[Date "2019.02.16"]
[Round "1.7"]
[White "Rios, Cristhian Camilo"]
[Black "Faure, Remi"]
[Result "0-1"]
[WhiteElo "2482"]
[BlackElo "2112"]
[PlyCount "98"]
[EventDate "2019.??.??"]
[BlackTeam "Lyon Olympique Echecs"]

1. d4 Nf6 2. c4 c5 3. d5 g6 4. Nc3 Bg7 5. e4 d6 6. f3 O-O 7. Bg5 Qb6 8. Qd2
Nbd7 9. Nh3 a6 10. Nf2 Ne5 11. f4 Neg4 12. Nd3 e6 13. h3 Nxe4 14. Nxe4 exd5 15.
cxd5 Re8 16. O-O-O Rxe4 17. hxg4 Bxg4 18. Nf2 Rd4 19. Qc2 Bf5 20. Bd3 Rc4 21.
Rd2 Qxb2+ 22. Kd1 Rxc2 23. Rxc2 Qd4 24. Rd2 Qxd5 25. Be4 Bxe4 26. Rxd5 Bxd5 27.
Kd2 Re8 28. Ng4 f5 29. Nf6+ Bxf6 30. Bxf6 Bxg2 31. Rg1 Bc6 32. Rg3 Re4 33. Rd3
d5 34. Be5 Rxe5 35. fxe5 Kf7 36. Rc3 h5 37. Rg3 h4 38. Rg1 d4 39. e6+ Kf6 40.
e7 Kf7 41. Re1 h3 42. e8=Q+ Bxe8 43. Rh1 Bc6 44. Rxh3 g5 45. Rh6 g4 46. Ke2 g3
47. Rh7+ Kg6 48. Rh8 f4 49. Rg8+ Kf7 0-1

[Event "Rochefort Master 2019"]
[Site "Palais des Congrès"]
[Date "2019.02.16"]
[Round "1.8"]
[White "Peric, Slavisa"]
[Black "Guidarelli, Laurent"]
[Result "0-1"]
[WhiteElo "2106"]
[BlackElo "2465"]
[PlyCount "83"]
[EventDate "2019.??.??"]
[WhiteTeam "LEC Echiquier Limousin"]
[BlackTeam "L'Echiquier du Roy René"]

1. d4 Nf6 2. Nf3 g6 3. Nbd2 Bg7 4. c4 O-O 5. e3 c5 6. dxc5 Na6 7. a3 Nxc5 8. b4
Nce4 9. Nxe4 Nxe4 10. Nd4 a5 11. Bb2 Qb6 12. Qb3 Nc5 13. bxc5 Qxb3 14. Nxb3
Bxb2 15. Ra2 Bc3+ 16. Kd1 Rd8 17. Bd3 d5 18. cxd5 a4 19. Nc1 Rxd5 20. Rc2 Bf6
21. Ke2 Ra5 22. c6 Rac5 23. cxb7 Bxb7 24. f3 Rg5 25. g3 Bc6 26. Na2 Rxc2+ 27.
Bxc2 Rc5 28. Bd3 Bd5 29. Rc1 Rxc1 30. Nxc1 Bb2 31. e4 Be6 32. Kd1 Bxa3 33. Ne2
Bc5 34. Nc3 a3 35. Bb1 h5 36. Ba2 Bh3 37. Ke2 Kg7 38. Nd5 Bd7 39. h4 Bb5+ 40.
Ke1 e6 41. Nf4 Bd6 42. Kd2 0-1

[Event "Rochefort Master 2019"]
[Site "Palais des Congrès"]
[Date "2019.02.16"]
[Round "1.9"]
[White "Gascon Del Nogal, Jose Rafael"]
[Black "Marchadour, Emilie"]
[Result "1-0"]
[WhiteElo "2457"]
[BlackElo "2100"]
[PlyCount "71"]
[EventDate "2019.??.??"]
[BlackTeam "Club d'Echecs Lexovien"]

1. e4 c5 2. Nf3 e6 3. d3 Nc6 4. g3 g6 5. Bg2 Bg7 6. c3 Nge7 7. h4 b6 8. h5 Bb7
9. d4 d5 10. h6 Bf8 11. e5 Qc7 12. Na3 a6 13. Bg5 Ng8 14. Nc2 Be7 15. Bf4 O-O-O
16. O-O g5 17. Bxg5 Bxg5 18. Nxg5 Qe7 19. Qh5 Rf8 20. Bh3 Nd8 21. dxc5 bxc5 22.
Rfe1 Kb8 23. b4 f5 24. bxc5 f4 25. c6 fxg3 26. fxg3 Qc5+ 27. Nd4 Qxc3 28. Ngf3
Nxc6 29. Rac1 Qd3 30. Nxc6+ Bxc6 31. Rxc6 Kb7 32. Rxe6 Rxf3 33. Bg2 Rf5 34. Qg4
Nxh6 35. Qb4+ Ka8 36. Bxd5+ 1-0

[Event "Rochefort Master 2019"]
[Site "Palais des Congrès"]
[Date "2019.02.16"]
[Round "1.10"]
[White "Leblic, Mathieu"]
[Black "Prie, Eric"]
[Result "1/2-1/2"]
[WhiteElo "2096"]
[BlackElo "2456"]
[PlyCount "115"]
[EventDate "2019.??.??"]
[WhiteTeam "Cavalier de Trencavel Béziers"]
[BlackTeam "Echiquier Carcassonnais "]

1. d4 Nf6 2. c4 c5 3. d5 b5 4. Qc2 bxc4 5. e4 g6 6. Bxc4 d6 7. h3 Bg7 8. Nf3
O-O 9. O-O Nfd7 10. Bd2 Nb6 11. Na3 Nxc4 12. Nxc4 Ba6 13. Rab1 Bxc4 14. Qxc4 a5
15. Bc3 Nd7 16. Rfe1 Nb6 17. Qb5 Qb8 18. Nd2 Qa7 19. Qd3 Qa6 20. Qxa6 Rxa6 21.
Rec1 f5 22. f3 Rb8 23. Kf1 Bh6 24. b3 Kf7 25. Ke2 Nd7 26. Rc2 Bxd2 27. Kxd2 a4
28. b4 Rab6 29. Rcb2 e6 30. dxe6+ Kxe6 31. exf5+ gxf5 32. bxc5 Rxb2+ 33. Rxb2
Rxb2+ 34. Bxb2 dxc5 35. g4 Nb6 36. Kd3 fxg4 37. fxg4 Nd5 38. Kc4 Kd6 39. Bc1
Kc6 40. g5 Nb6+ 41. Kd3 Kd5 42. h4 Nd7 43. Bb2 Ne5+ 44. Bxe5 Kxe5 45. h5 Kf5
46. g6 hxg6 47. hxg6 Kxg6 48. Kc4 Kf7 49. Kxc5 Ke7 50. Kb4 Kd6 51. Kxa4 Kc6 52.
Ka5 Kb7 53. a4 Ka7 54. Kb5 Kb7 55. a5 Ka7 56. a6 Kb8 57. Kb6 Ka8 58. a7 1/2-1/2

[Event "Rochefort Master 2019"]
[Site "Palais des Congrès"]
[Date "2019.02.16"]
[Round "1.11"]
[White "Ni, Shiqun"]
[Black "Martinet, Regis"]
[Result "1/2-1/2"]
[WhiteElo "2427"]
[BlackElo "2095"]
[PlyCount "115"]
[EventDate "2019.??.??"]
[BlackTeam "Echiquier Henri IV Pau"]

1. e4 c5 2. Nf3 Nc6 3. Bb5 Nf6 4. Bxc6 dxc6 5. d3 Qc7 6. h3 e5 7. Nbd2 Be7 8.
Nc4 Nd7 9. O-O O-O 10. a4 f6 11. Nh4 Rd8 12. f4 b5 13. Ne3 c4 14. axb5 exf4 15.
Nxc4 cxb5 16. Bxf4 Ne5 17. Nxe5 fxe5 18. Bg3 Be6 19. Nf3 Rac8 20. Rc1 Bf6 21.
Rf2 Qc5 22. Ra1 Bf7 23. Qd2 b4 24. b3 Bg6 25. Qe1 Bh5 26. Nh4 Qb6 27. Kh2 Rf8
28. Nf5 a5 29. Ne3 Ra8 30. Nd5 Qc5 31. Qe3 Qxe3 32. Nxe3 Bf7 33. Ng4 Be8 34.
Nxe5 a4 35. bxa4 Rxa4 36. Rb1 h5 37. Nf3 Bc3 38. Kg1 Ra2 39. Bd6 Rf7 40. Bc5
Ba4 41. Rc1 g5 42. Ne1 Rxf2 43. Bxf2 Bxe1 44. Bxe1 Bxc2 45. Bxb4 Bxd3 46. Rc5
g4 47. hxg4 hxg4 48. Rg5+ Kf7 49. e5 Ke6 50. Bd6 Bf5 51. Kh2 Rb2 52. Rg7 Kd5
53. Rg5 Be6 54. Kg3 Re2 55. Rg6 Bf5 56. Rf6 Be4 57. Rf2 Rxf2 58. Kxf2 1/2-1/2

[Event "Rochefort Master 2019"]
[Site "Palais des Congrès"]
[Date "2019.02.16"]
[Round "1.12"]
[White "Szitas, Gabor"]
[Black "Solozhenkin, Evgeniy"]
[Result "1/2-1/2"]
[WhiteElo "2090"]
[BlackElo "2423"]
[PlyCount "74"]
[EventDate "2019.??.??"]
[WhiteTeam "Echiquier Commingeois"]

1. e4 c5 2. Nf3 e6 3. Nc3 a6 4. a3 b5 5. g3 Bb7 6. d3 Nf6 7. Bg2 d5 8. exd5
Nxd5 9. Nxd5 Bxd5 10. O-O Be7 11. a4 Nd7 12. axb5 axb5 13. Rxa8 Qxa8 14. c4
bxc4 15. dxc4 Bc6 16. Bf4 g5 17. Bd2 g4 18. Ne1 Bxg2 19. Nxg2 Ne5 20. Ne1 Nxc4
21. Bc3 Rg8 22. Qd3 Qd5 23. Qxh7 Rg5 24. Ng2 e5 25. Re1 f6 26. Ne3 Nxe3 27.
Rxe3 Kf8 28. Rd3 Qf7 29. Qe4 Rh5 30. Rd7 Qe6 31. Qa8+ Kf7 32. Qb7 Rh8 33. Bd2
Re8 34. Be3 Kf8 35. Bh6+ Kf7 36. Be3 Kf8 37. Bh6+ Kf7 1/2-1/2

[Event "Rochefort Master 2019"]
[Site "Palais des Congrès"]
[Date "2019.02.16"]
[Round "1.13"]
[White "Mu, Ke"]
[Black "Llapasset, Jean-Louis"]
[Result "1-0"]
[WhiteElo "2404"]
[BlackElo "2069"]
[PlyCount "65"]
[EventDate "2019.??.??"]
[BlackTeam "Echiquier Diabolique de Canohes"]

1. d4 Nf6 2. c4 e6 3. Nf3 Bb4+ 4. Nbd2 c5 5. a3 Bxd2+ 6. Bxd2 b6 7. dxc5 bxc5
8. Bc3 O-O 9. Qc2 Bb7 10. Ng5 g6 11. Rd1 Qe7 12. Qb3 Bc6 13. Be5 Ng4 14. Bf4 e5
15. Bc1 f6 16. Nf3 e4 17. Ng1 f5 18. Nh3 Na6 19. Qc3 Rfe8 20. Bf4 Rac8 21. e3
Ne5 22. Be2 Nc7 23. O-O Nf7 24. Bg3 Ne6 25. Nf4 Nxf4 26. Bxf4 g5 27. Bg3 g4 28.
b4 cxb4 29. axb4 a6 30. Ra1 Bb7 31. Ra5 d5 32. Qb3 Qe6 33. cxd5 1-0

[Event "Rochefort Master 2019"]
[Site "Palais des Congrès"]
[Date "2019.02.16"]
[Round "1.14"]
[White "Selebran, Henri"]
[Black "Colin, Vincent"]
[Result "1/2-1/2"]
[WhiteElo "2063"]
[BlackElo "2382"]
[PlyCount "88"]
[EventDate "2019.??.??"]
[WhiteTeam "LEC Echiquier Limousin"]
[BlackTeam "Les Tours des Hauts de France - St Quentin"]

1. c4 Nf6 2. g3 g6 3. Bg2 Bg7 4. Nc3 O-O 5. d3 c6 6. e4 d5 7. exd5 cxd5 8. cxd5
Na6 9. Nge2 Bf5 10. O-O Qd7 11. Nf4 g5 12. Nh5 Nxh5 13. Qxh5 h6 14. Qe2 Nb4 15.
Rd1 Bg4 16. f3 Bh5 17. g4 Bg6 18. f4 Bxc3 19. bxc3 Nxd5 20. Bxd5 Qxd5 21. f5
Bh7 22. Bb2 f6 23. c4 Qd7 24. d4 Rac8 25. d5 Kg7 26. Rd4 Bg8 27. Re4 Rfe8 28.
Re1 Rc7 29. Bxf6+ Kxf6 30. Qb2+ Kf7 31. Qh8 Qd6 32. f6 Qb6+ 33. Kg2 Qb2+ 34.
R1e2 Qxf6 35. Rf2 Rf8 36. Rxf6+ exf6 37. Re6 Kg6 38. Rxf6+ Rxf6 39. Qxg8+ Rg7
40. Qe8+ Rgf7 41. Qe4+ Kg7 42. Qd4 b6 43. h4 gxh4 44. Kh3 Rd7 1/2-1/2

[Event "Rochefort Master 2019"]
[Site "Palais des Congrès"]
[Date "2019.02.16"]
[Round "1.15"]
[White "Okhotnik, Vladimir"]
[Black "Derieux, Christian"]
[Result "1-0"]
[WhiteElo "2352"]
[BlackElo "2056"]
[PlyCount "53"]
[EventDate "2019.??.??"]
[WhiteTeam "Club 608 d'Echecs Paris"]
[BlackTeam "Paris Echecs Passion"]

1. e4 a6 2. d4 b5 3. Bd3 Bb7 4. Nf3 e6 5. O-O c5 6. c3 Nf6 7. Nbd2 Nc6 8. e5
Nd5 9. dxc5 Qc7 10. Re1 Bxc5 11. Ne4 Be7 12. Bg5 f6 13. Bh4 fxe5 14. Bxe7 Ncxe7
15. a4 O-O 16. axb5 axb5 17. Rxa8 Bxa8 18. Bxb5 Nb6 19. Qd6 Qxd6 20. Nxd6 Bxf3
21. gxf3 Ng6 22. Ra1 Nh4 23. Ra7 Nxf3+ 24. Kg2 Nh4+ 25. Kf1 Ra8 26. Rb7 Ra1+
27. Ke2 1-0

[Event "Rochefort Master 2019"]
[Site "Palais des Congrès"]
[Date "2019.02.16"]
[Round "2.6"]
[White "David, Bogdan-Emanuel"]
[Black "Gascon Del Nogal, Jose Rafael"]
[Result "0-1"]
[WhiteElo "2190"]
[BlackElo "2457"]
[PlyCount "88"]
[EventDate "2019.??.??"]
[WhiteTeam "Club d'Echecs de Sautron"]

1. e4 c5 2. Nc3 Nc6 3. Bb5 Nd4 4. Nf3 Nxb5 5. Nxb5 g6 6. d4 Bg7 7. O-O cxd4 8.
Nbxd4 d6 9. Re1 Nf6 10. c3 O-O 11. e5 dxe5 12. Nxe5 Qd5 13. Qf3 Qxf3 14. Nexf3
e6 15. Bf4 b6 16. Rad1 Bb7 17. Be5 Rfd8 18. Nd2 Rd5 19. f4 Rad8 20. Nc4 h5 21.
a4 h4 22. Ne3 R5d7 23. Nb5 Bc6 24. b3 Nd5 25. Nxd5 Bxd5 26. Bxg7 Kxg7 27. Nd4
Bxb3 28. Ra1 Bd5 29. Re3 Rc8 30. Ra3 Rdc7 31. Nb5 Rc5 32. Rh3 a6 33. Nd4 Kf6
34. Ne2 Ra5 35. Rxh4 Rc4 36. Kf2 Rcxa4 37. Rxa4 Rxa4 38. g3 Ra2 39. Ke3 a5 40.
Rh7 a4 41. Nd4 a3 42. Nb5 Ke7 43. Kd3 Rd2+ 44. Kxd2 a2 0-1